مطا لعہ عليم صبا نو يد ی (Record no. 167733)
[ view plain ]
| 000 -LEADER | |
|---|---|
| fixed length control field | 00654nam a22001937a 4500 |
| 005 - DATE AND TIME OF LATEST TRANSACTION | |
| control field | 20190918104020.0 |
| 010 ## - LCCN (DPL NO) | |
| LC control number | UR-10471 |
| 020 ## - INTERNATIONAL STANDARD BOOK NUMBER | |
| Terms of availability | 400.00 |
| International Standard Book Number | - |
| 035 ## - SYSTEM CONTROL NUMBER | |
| System control number | U-9026 |
| 037 ## - SOURCE OF ACQUISITION | |
| Source of stock number/acquisition | DBAD/PUB |
| Stock number | - |
| 082 ## - DEWEY DECIMAL CLASSIFICATION NUMBER | |
| Classification number | 844.920 |
| 100 ## - MAIN ENTRY--PERSONAL NAME | |
| Personal name | ا کبر ز ا ہد |
| 245 ## - TITLE STATEMENT | |
| Title | مطا لعہ عليم صبا نو يد ی |
| Statement of responsibility, etc | مر تبہ:ا کبر ز ا ہد |
| 246 ## - VARYING FORM OF TITLE | |
| Remainder of title | Mutalla Aleem Saba Navedi Urdu) |
| Title proper/short title | Ed.by Akbar Zahid |
| 260 ## - PUBLICATION, DISTRIBUTION, ETC. (IMPRINT) | |
| Place of publication, distribution, etc | Chenai |
| Name of publisher, distributor, etc | Tamil Nadu Urdu Publications |
| Date of publication, distribution, etc | 2019 ء |
| 270 ## - ADDRESS | |
| Address | Tamil Nadu Urdu Publications |
| City | Chenai |
| Postal code | 600002 |
| Telephone number | 9366111859 |
| Fax number | - |
| 300 ## - PHYSICAL DESCRIPTION | |
| Extent | 96 ص |
| Dimensions | 22 Cm(Hb) |
| 942 ## - ADDED ENTRY ELEMENTS (KOHA) | |
| Source of classification or shelving scheme | Dewey Decimal Classification |
| Item type | Urdu Bks |
| Classification part | 844.920 |
| Call number suffix | ع ل ی |
| Withdrawn status | Lost status | Not for loan | Collection code | Home library | Current library | Date acquired | Source of acquisition | Cost, normal purchase price | Full call number | Barcode | Copy number | Cost, replacement price | Koha item type |
|---|---|---|---|---|---|---|---|---|---|---|---|---|---|
| Not For Loan | Non-fiction | D.B.Act.Division | D.B.Act.Division | 18/09/2019 | DBAD/PUB | 400.00 | 844.920 ع ل ی | U-9026 | 1 | 400.00 | Urdu Bks |
